Rating valuation and repairs. (Record no. 60715)

MARC details
000 -LEADER
fixed length control field 00668cam a2200169 4500
001 - CONTROL NUMBER
control field ABS61029
008 - FIXED-LENGTH DATA ELEMENTS--GENERAL INFORMATION
fixed length control field 000000n1999 000 0 eng u
035 ## - SYSTEM CONTROL NUMBER
System control number (Sirsi) u101583
100 ## - MAIN ENTRY--PERSONAL NAME
Personal name Lewsley, C.
245 ## - TITLE STATEMENT
Title Rating valuation and repairs.
260 ## - PUBLICATION, DISTRIBUTION, ETC.
Date of publication, distribution, etc. 1999
490 ## - SERIES STATEMENT
Series statement Rating & Valuation Reporter
Volume/sequential designation 39(6) 1999, 115-117(3)
520 ## - SUMMARY, ETC.
Summary, etc. Discusses the implications of the Rating (Valuation) Act 1999 which re-establishes the principle that in valuing a property for rating it must be assumed to be in a reasonable state of repair, except where the repairs would be uneconomic. Case law.
650 ## - SUBJECT ADDED ENTRY--TOPICAL TERM
Topical term or geographic name entry element REPAIRS
690 ## - LOCAL SUBJECT ADDED ENTRY--TOPICAL TERM (OCLC, RLIN)
Topical term or geographic name as entry element RATING AND VALUATION
942 ## - ADDED ENTRY ELEMENTS (KOHA)
Suppress in OPAC 0
Holdings
Withdrawn status Lost status Source of classification or shelving scheme Damaged status Not for loan Home library Current library Shelving location Date acquired Total Checkouts Full call number Barcode Date last seen Copy number Price effective from Koha item type
    Dewey Decimal Classification     London London Journal article 05/11/1999   ABS61029 101583-1001 06/08/2019 1 06/08/2019 Journal article